Kyoto Animation Movies - Statistics

General Stats
  • This quiz has been taken 26 times
  • The average score is 5 of 13
Answer Stats
Year Movie % Correct
2019 Sound! Euphonium: The Movie – Our Promise: A Brand New Day
100%
2020 Violet Evergarden: The Movie
70%
2016 A Silent Voice
60%
2010 The Disappearance of Haruhi Suzumiya
60%
2011 K-On! The Movie
50%
2014 Tamako Love Story
40%
2018 Liz and the Blue Bird
30%
2015 Beyond the Boundary: I'll Be Here – Future
20%
2017 Free! Take Your Marks
20%
2021/22 Free! The Final Stroke
20%
2015 High Speed! Free! Starting Days
20%
2018 Love, Chuunibyo, and Other Delusions! Take on Me
20%
2019 Violet Evergarden: Eternity and the Auto Memory Doll
20%
No matching quizzes found
Score Distribution
Percent of People with Each Score
Percentile by Number Answered
Your Score History
You have not taken this quiz